Every 500+ Settlement in Herefordshire Quiz Stats

Quiz not verified by Sporcle

Challenge
Share
Tweet
Embed
Score 0/36 Timer 07:00
0 Plays Today
Rank Settlement % Correct
1.Hereford
97%
2.Leominster
75.8%
3.Ross on Wye
71.2%
4.Ledbury
66.7%
6.Kington
59.1%
5.Bromyard
51.5%
11.Weobley
31.8%
7.Credenhill
27.3%
14.Wellington
25.8%
19.Fownhope
25.8%
13.Ewyas Harold
24.2%
8.Lugwardine
22.7%
24.Madley
22.7%
12.Clehonger
21.2%
17.Moreton on Lugg
21.2%
23.Peterchurch
21.2%
21.Wigmore
19.7%
34.Eardisley
19.7%
Rank Settlement % Correct
10.Withington
18.2%
15.Marden
18.2%
16.Sutton St Nicholas
18.2%
9.Kingstone
16.7%
30.Leintwardine
16.7%
36.Lyonshall
16.7%
32.Orleton
15.2%
31.Tarrington
12.1%
18.King's Thorn
10.6%
26.Shobdon
10.6%
35.Luston
10.6%
20.Westfield
7.6%
25.Weston under Penyard
7.6%
33.Bodenham Moor
7.6%
22.Brimfield
6.1%
27.Gorsley Common
6.1%
28.Wilton
6.1%
29.Crow Hill
4.5%

You're not logged in!

Compare scores with friends on all Sporcle quizzes.
Sign Up with Email
OR
Log In

You Might Also Like...

Show Comments

Extras

Top Quizzes Today


Score Distribution

Your Account Isn't Verified!

In order to create a playlist on Sporcle, you need to verify the email address you used during registration. Go to your Sporcle Settings to finish the process.